000 00903cam a22002651 4500
001 he 68002019
003 DLC
005 20260227111500.0
008 830616s1966 is af b 000 0 heb
010 _ahe 68002019
035 _a(OCoLC)19156298
040 _aDLC
_cMH
_dCU
_dOCoLC
_dDLC
042 _apremarc
050 0 0 _aN7570
_b.B22
100 1 _aBarasch, Moshe.
245 1 0 _aDemut ha-adam be-toldot ha-omanut /
_c[me-et] Mosheh Barash.
260 _aJerusalem :
_bha-Soknut ha-Yehudit le-ʼErets Yiśraʼel, ha-Maḥlaḳah le-ʻaliyat yeladim ṿe-noʻar, Mador le-hadrakhah,
_c727 [1966 or 1967]
300 _a204 p. :
_bill., 16 plates ;
_c19 cm.
490 1 _aʻIyunim la-madrikh ṿela-moreh ;
_vḥoveret 37
504 _aBibliography: p. 201-204.
650 0 _aHuman figure in art.
650 0 _aArt
_xHistory.
752 _aIsrael
_dJerusalem
830 0 _aʻIyunim ;
_vḥoveret 37.
999 _c33476
_d33476